| 000 | 01201nam a2200169 4500 | ||
|---|---|---|---|
| 999 |
_c507491 _d507491 |
||
| 008 | 190215b ||||| |||| 00| 0 eng d | ||
| 100 |
_aWachhaus, T. Aaron _91808 |
||
| 245 | _aNetwork governance as a mechanism for responding to internet violence | ||
| 260 | _c2018 | ||
| 300 | _ap.888-898. | ||
| 520 | _aJones, Hesterly and Borgatti (1997) proposed a general theory of network governance (GTNG), identifying conditions under which network governance is likely to develop and detailing four social mechanisms that protect and promote resource exchange and collaborative action within a network. This article applies their theory to the emerging problem of swatting—internet-based spoofing attacks that compel a SWAT response to a selected innocent victim. As this problem has not been addressed through traditional policy or law enforcement mechanisms, networks have emerged to respond to these attacks. The author details the parallels between these emergent networks and Jones et al.’s theoretical framework. - Reproduced. | ||
| 650 |
_aNetworks _91809 |
||
| 650 |
_aGovernance _91810 |
||
| 773 | _aInternational Journal of Public Administration | ||
| 906 | _aInternet | ||
| 942 |
_2ddc _cAR |
||